000
00270nam a2200097Ia 4500
082
_a
640.81 BROW
245
0
_a
Household management for men
100
_a
BROWNING, Nigel Sydney, NSW, 2003
_9
96643
942
_c
BK
008
210817s9999 xx 000 0 und d
999
_c
406996
_d
406995